Yüzüstü düşler (Record no. 2015)

MARC details
000 -BAŞLIK
Sabit Uzunlukta Kontrol Alanı 00627na a2200241 4500
001 - KONTROL NUMARASI
Denetim Alanı 14096
003 - KONTROL NUMARASI IDENTIFIER
Denetim Alanı MIRAKIL
005 - SON İŞLEM TARİHİ VE ZAMANI
Denetim Alanı 20181213154842.0
008 - SABİT-BOY VERİ ELEMANLARI - GENEL BİLGİLER
Sabit Uzunlukta Kontrol Alanı 161101b tu 000 0
020 ## - ULUSLARARASI STANDART KİTAP NUMARASI
Uluslararası Standart Kitap Numarası 9789756106518
040 ## - KATALOGLAMA KAYNAK
Orijinal Kataloglama Ajansı Milas
Kataloglama Dili tur
Metne Dönüştürmek Ajansı TR-AnCHP
041 ## - DİL KODU
Metin / Ses Parça Veya Ayrı Başlığın Dil Kodu tur
082 ## - DEWEY ONLU SINIFLANDIRMA NUMARASI
Sınıflandırma Numarası 813.42
Ürün Numarası B24y 2007
090 ## - SINIFLAMA NUMARASI
Sınıflama Numarası 813.42 B24y 2007
100 ## - ANA GİRİŞ - KİŞİSEL İSİM
Kişisel Ad Balkız, Ali
245 ## - BAŞLIK TABLOSU
Başlık Yüzüstü düşler
Başlığın Kalan öykü
Sorumluluk Tablosu, Vb Ali Balkız
246 ## - UNVAN FORM VARYING
Başlığın Kalan öykü
260 ## - YAYIN, DAĞITIM, VB
Yayın, Dağıtım, Vb Yeri İstanbul
Yayıncı, Dağıtıcı, Vs Adı Evrensel Basım Yayın
Yayın, Dağıtım, Vb Tarihi 2007
300 ## - FİZİKSEL TANIM
Kapsam 112 s.
Boyutlar 19 sm.
490 ## - SERİSİ TABLOSU
Seri Beyanı Evrensel Basım yayın
Hacim / Ardışık Tanımı 323
650 ## - KONU KATMA GİRİŞ - TOPİKAL DÖNEM
Topikal Süreli Veya Coğrafi Ad Giriş Elemanı Türkçe öyküler
942 ## - EKLENDİ GİRİŞ ELEMANLARI (KOHA)
Sınıflandırma Veya Raf Düzeni Kaynak Dewey Decimal Classification
Koha Öğesi Türü Books
999 ## - SİSTEM KONTROL NUMARALARI (KOHA)
Koha Biblionumber 2015
Koha Biblioitemnumber 2015
Holdings
Kalıcı Konum Mevcut Konum Edinme Tarihi Edinim Kaynak Toplam Check-Out'Lar Tam Çağrı Numarası Barkod Tarih Son Görülme İtibaren Geçerli Fiyatlar Koha Öğesi Türü
CHP Kütüphanesi CHP Kütüphanesi 08/24/2016 Bağış   813.42 B24y 2007 002015 08/24/2016 08/24/2016 Books